Deathcore Quiz - Statistics

General Stats
  • This quiz has been taken 113 times
  • The average score is 7 of 15
Answer Stats
Hint Answer % Correct
1984 Slaughter to Prevail
79%
Fvneral Moon Lorna Shore
74%
Holy War Thy Art is Murder
71%
Blasphemian Infant Annihilator
67%
Demon King Brand of Sacrifice
62%
The Isnis Chelsea Grin
55%
the Catacombs Shadow of Intent
45%
Death Whistle Signs of the Swarm
45%
Psalm of Agony Enterprise Earth
36%
Second Death Black Tongue
33%
Menace to Society Traitors
31%
Holocaustralia To the Grave
29%
Acid Inject Darko US
28%
Nightmare Within Destruction
18%
The Horror Ov the Old Gods Worm Shepherd
13%
No matching quizzes found
Score Distribution
Percent of People with Each Score
Percentile by Number Answered
Your Score History
You have not taken this quiz